000 00372nam a2200133Ia 4500
008 231129s9999||||xx |||||||||||||| ||spa||
020 _a84-226-0890-1
040 _bspa
082 _a813 R632u
100 _aRobbins Harold
245 0 _aUna dama solitaria
264 _aBogotá Colombia : Cí­rculo de Lectores
942 _2ddc
_cBKS
999 _c25937
_d25937